Vocabulaire coréen - Jour 1 - Statistiques

Statistiques générales
  • Ce quiz a été pris 36 fois
  • Le résultat moyen est 3 sur 12
Statistiques - réponses
Hint Réponse % Correct
Et 그리고
97%
Alors/Par conséquent 그래서
48%
Dormir (H) 주무시다
17%
Manger (H) 잡수시다/드시다
17%
Boire (H) 드시다
17%
Mais 그렇지만
14%
Exister (H) 계시다
14%
Parler (H) 말씀하시다
10%
Mourir (H) 돌아가시다
7%
Avoir (H) 있으시다
7%
Embouteillage 막혀요
3%
Prendre (H) 모셔가다
0%
Aucun quiz correspondant
Distribution des résultats
% des personnes avec chaque résultat
Percentile par nombre de réponses
Votre historique - résultats
Vous n’avez pas pris ce quiz